| 000 | 02333nam0a2200325 i 4500 | ||
|---|---|---|---|
| 001 | RU\NLR\BIBL_A\010218261 | ||
| 005 | 20240921133023.0 | ||
| 010 |
_a9785714804168 _9300 |
||
| 021 |
_aRU _b2014-1663 _9103 |
||
| 035 | _a(NILC)RuMoRGB-006731260 | ||
| 035 | _a(NLR Aleph) 010218261 | ||
| 090 |
_a10309618 _c10309618 |
||
| 100 | _a20140314d2013 km y0rusy50 ca | ||
| 101 | 0 | _arus | |
| 102 | _aRU | ||
| 105 | _aa|||z|||100yy | ||
| 200 | 1 |
_aСовременные подходы к развитию системы дошкольного образования: теория, практика и тенденции _eматериалы всероссийской научно-практической интернет-конференции с международным участием, г. Кемерово, 26 августа - 27 сентября 2013 года _f[сост.: Е. А. Пахомова к.п.н., доц. и др.] |
|
| 210 |
_aКемерово _cИзд-во КРИПКиПРО _d2013 |
||
| 215 |
_a258 с. _cил., табл. _d20 |
||
| 300 | _aВ надзаг.: Департамент образования и науки Кемеровской обл., Кузбасский региональный ин-т повышения квалификации и переподготовки работников образования | ||
| 606 | 1 |
_aДошкольное образование _jСъезды, совещания и т.п _yРоссийская Федерация _92434458 _3RU\NLR\AUTH\661448759 |
|
| 686 | 1 | _aЧ414(2Р)я431 | |
| 702 | 1 |
_4220 _7ca _8rus _aПахомова _bЕ. А. _cд-р пед. наук _gЕлена Алексеевна _988925 _3RU\NLR\AUTH\77106000 |
|
| 711 | 1 | 2 |
_a"Современные подходы к развитию системы дошкольного образования: теория, практика и тенденции", всероссийская научно-практическая Интернет-конференция с международным участием _eКемерово _f2013 _9395734 _3RU\NLR\AUTH\880364417 |
| 801 | 0 |
_aRU _bРГБ _c20140203 _gRCR |
|
| 801 | 1 |
_aRU _bРГБ _c20140203 _2rusmarc |
|
| 942 | _cBOOK | ||
| 980 | _aNBR | ||